000 00333nam a22001337a 4500
008 190305b xxu||||| |||| 00| 0 eng d
020 _a9781581527728
041 _aeng
080 _23rd
_a371
100 _a46
101 _aEDU
245 _aMathematics for Elementary Teacher via Problem Solving
_cMasingila,J.O
942 _2udc
_cBK
999 _c54503
_d54503